00916nam a2200265 a 450000100060000000300080000600500170001400800410003103000110007203500190008304000200010204100080012208200270013024500840015726000390024130000330028050400410031350500110035465000300036570000490039570000310044494200120047599900170048795201460050467482BD-RjUL20211209081648.0170325s1964 nyu x1 b 0 1 a0eng d aAHTRAR a(BD-RjUL)67613 aLCbengcLCdLC aeng0 223a621.4022bADV 196410aAdvances in heat transfer /cEdited by Thomas F. Irvine [and] James P. Hartnett aNew York :bAcademic Press,cc1964 axi, 459 p. :bill. ;c24 cm. aIncludes bibliographies and indexes. aVol. 1 0aHeat transmission91999551 aIrvine, Thomas F.q(Thomas Francis);91999561 aHartnett, James P.9199957 2ddccBK c67482d67482 00102ddc40718NFICaRUCLbRUCLcReadingd1965-11-11eZetlingerg128.00l0o621.4022 ADV V-1 1964r2017-03-25 00:00:00tC-1w2021-12-09yBK